Inhabited Islands of Ireland - Statistics

General Stats
  • This quiz has been taken 15 times
  • The average score is 4 of 11
Answer Stats
Population County Island % Correct
514 Donegal {Aran} Island
82%
2,569 Mayo {Achill} Island
73%
>13,000 Cork {Great} Island
55%
845 Galway Inishmore
45%
249 Galway Inishere
36%
665 Kerry {Valencia} Island
36%
1,055 Galway Gorumna
27%
216 Cork {Bere} Island
18%
548 Galway Lettermore
9%
241 Galway Lettermullen
9%
448 Donegal {Inch} Island
0%
No matching quizzes found
Score Distribution
Percent of People with Each Score
Percentile by Number Answered
Your Score History
You have not taken this quiz